000 00315nam a2200133Ia 4500
008 230818s1986 xx 000 0 und d
041 _aeng
100 _aPelczar
245 _aMicrobiology
260 _bMc Grawhill Pub.
_c1986
300 _a918p
520 _aHard Board | Reference Copy
999 _c853734
_d853734
650 _aFood Safety